000 01688 a2200241 4500
001 113
005 20260407155411.0
008 260407a2000 arg spa d
003 AR-UNSa-BCEJYS
040 _aAR-UNSa-BCEJYS
_bspa
_cAR-UNSa-BCEJYS
080 _a347.7
_xDerecho Mercantil. Derecho Comercial
245 1 0 _aCurso de derecho comercial
_pParte general
020 _a950-14-1792-1
250 _a4a. ed.
264 1 _aBuenos Aires :
_bDepalma
_c2000
300 _a471 p.
_c23 cm.
505 _a1. Origen y evolución del derecho mercantil 2. La ley aplicable en materia comercial. Usos y costumbres 3. Actos de comercio 4. La jurisdicción mercantil 5. La empresa mercantil 6. Órganos auxiliares y de control del comercio y de las sociedades 7. El comerciante individual 8. Nociones generales 9. Elementos generales y específicos del contrato de sociedad 10. Personalidad de las sociedades 11. Formas de constitución. Ley aplicable. Interpretación del contrato 12. Distinción de las sociedades civiles y comerciales. Distinción de otros contratos e instituciones. Socio aparente. Socio oculto 13. Régimen de las sociedades constituidas en el extranjero 14. Clasificación de las sociedades 15. Transformación de la sociedad 16. Fusión y escisión de sociedades 17. Sociedades irregulares y de hecho 18. Nulidad 19. Derechos y obligaciones de los socios 20. Administración de la sociedad 21. Gobierno de la sociedad
942 _cBK
590 _aniveau_biblio:m niveau_hierar:0
100 1 _aHalperin, Isaac
700 1 _aButty, Enrique M.
856 4 1 _uhttps://biblioeco.unsa.edu.ar/pmb/images/libros/Curso de Derecho Comercial-l87302.jpg
_yImagen de portada
_qimage/jpeg
999 _c87
_d87